El Capital (Record no. 100253)

MARC details
000 -LEADER
campo de control de longitud fija 00650nam a2200205 i 4500
001 - NÚMERO DE CONTROL
campo de control 100253
003 - IDENTIFICADOR DE NÚMERO DE CONTROL
campo de control ES-MaACL
005 - FECHA Y HORA DE LA ÚLTIMA TRANSACCIÓN
campo de control 20250331063055.0
007 - CAMPO FIJO DE DESCRIPCIÓN FÍSICA--INFORMACIÓN GENERAL
campo de control de longitud fija t|
008 - DATOS DE LONGITUD FIJA--INFORMACIÓN GENERAL
campo de control de longitud fija 050923s1973 sp ||||1| spa d
100 1# - ENTRADA PRINCIPAL--NOMBRE DE PERSONA
Nombre de persona Marx, Karl,
Fechas asociadas al nombre 1818-1883
9 (RLIN) 78590
245 13 - MENCIÓN DEL TÍTULO
Título El Capital
Resto del título : libro I, capítulo VI inédito /
Mención de responsabilidad, etc. Karl Marx; presentación de José Aricó; traducción y notas de Pedro Scarón.
250 ## - MENCION DE EDICION
Mención de edición [3ª ed.].
260 ## - PUBLICACIÓN, DISTRIBUCIÓN, ETC.
Lugar de publicación, distribución, etc. Madrid :
Nombre del editor, distribuidor, etc. Siglo Veintiuno,
Fecha de publicación, distribución, etc. 1973.
300 ## - DESCRIPCIÓN FÍSICA
Extensión 176 p. ;
Dimensiones 21 cm.
700 1# - ENTRADA AGREGADA--NOMBRE PERSONAL
Nombre de persona Aricó, José.
9 (RLIN) 22814
700 1# - ENTRADA AGREGADA--NOMBRE PERSONAL
Nombre de persona Scarón, Pedro.
9 (RLIN) 104150
852 ## - LOCALIZACIÓN
Ubicación ES-MaACL
Número de control de estantería C-52995
Sublocalización o colección R.86344
Holdings
Estatus retirado Estado de pérdida Estado de daño No para préstamo Biblioteca de origen Biblioteca actual Ubicación en estantería Fecha de adquisición Fuente de adquisición Total de préstamos Signatura topográfica completa Código de barras Visto por última vez Precio de reemplazo Tipo de ítem Koha
        Biblioteca del Ateneo de Madrid Biblioteca del Ateneo de Madrid Depósito 2 17/01/2008     C-52995 1104680 23/02/2023 23/02/2023 Libro impreso